| 000 | 00611nam a22001817a 4500 | ||
|---|---|---|---|
| 999 |
_c58176 _d58176 |
||
| 003 | Ge_BSU | ||
| 005 | 20210723165857.0 | ||
| 008 | 210723s2000 ge ||||| |||| 00| 0 geo d | ||
| 020 | _a9992800429 | ||
| 041 | _ageo | ||
| 080 | _a821.353.1-31 ბ-25 | ||
| 100 |
_aბარბაქაძე, დათო _95805 |
||
| 245 |
_aაქილევსის მეორე ქუსლი : _bრომანი / _cდათო ბარბაქაძე. |
||
| 264 |
_aთბ. : _bმერწყული, _c2000. |
||
| 300 |
_a259 გვ. ; _b20 სმ. |
||
| 653 | _aრომანი | ||
| 942 |
_2udc _cBK |
||